00497nam a22001577a 450000500170000000800410001702000180005804100130007608200150008910000520010424500610015625000200021726000440023730000330028165000250031420240130102104.0240130b |||||||| |||| 00| 0 eng d a9780639008608 aEnglish  a347.6 ZEF  aZeffert, DT ; Paizes, A and Grant, J lEnglish  aEssential Evidence / cDT Zeffert, A Paizes and J Grant  aSecond Edition  aDurban : bLexisNexis (Pty) Ltd, c2020 bxviii, 385 pages ; c25 cm.  aLegal practice bLaw